000 02069nam a2200277Ia 4500
005 20140903174916.0
008 130725b1879 sp ||||fr|||| 00| 0 lat d
040 _aCo-BoUCM
_bspa
_cSandra Yazo (modificó)
_dSandra Yazo (modificó)
041 0 _aspa
082 0 4 _a349.37
_220
092 _aE28N024
100 1 _aOrtolan, Joseph-Louis-Elzeár
_d1802-1873
_937099
245 1 0 _aExplicación histórica de las instituciones del emperador Justiniano
_bcon el texto, la traducción al frente y las explicaciones debajo de cada párrafo, precedida de la historia de la legislación romana desde su origen hasta la legislación moderna y de una generalización del derecho romano según los textos conocidos antiguamente o mas recientemente descubiertos
_cpor M. Ortolan ; traducida por los magistrados D. Francisco Pérez de Anaya y D. Melquíades Perez Rivas
260 _aMadrid
_bLibrería de D. Leocadio Lopez
_c1884
300 _a530, 140 p.
_c23 x 15 cm.
500 _aDetalles físicos: Encuadernación rígida en cartón duro forrado en cuero. Lomo con tejuelo, letras y adornos en dorado. Tapas con restos de cinta pegante. Guardas impresas. Anteportada suelta, portada impresa en una tinta, rota y con varios sellos de tinta. Texto impreso en una columna y notas al margen. Incluye una segunda obra, con su propia numeración y una anteportada.
505 0 _aHistoria de la legislación romana: Primera época, los reyes. ; Segunda época de la república. ; Tercera época los emperadores -- Generalización del derecho romano: Primera parte del derecho y de los elementos de su generación. ; Segunda parte de los derechos de las acciones.
506 _aConsulta en sala.
600 2 4 _aJustiniano
_bI
_cEmperador de Oriente
_d482-565
_tLas instituciones
_xCrítica e interpretación, etc.
_92025
650 7 _aDerecho civil
_912711
650 0 4 _aDerecho romano
_xHistoria
_927933
690 _aDerecho
700 1 _aPérez de Anaya, Francisco
_937100
700 1 _aPérez Rivas, Melquiades
_937101
942 _cLIBRO
_e1
_a8
_2DEWEY
_h349.37
999 _c171838
_d171838